Statistics for WWE One Minute Quiz: Dean Ambrose

Click here to take the quiz!

General Stats

  • This quiz has been taken 264 times
  • The average score is 5 of 6

Answer Stats

HintAnswer% Correct
What faction did Dean Ambrose lead from 2012 to 2014?The Shield
93%
Which former tag team partner does Ambrose still rival with? (December 2015)Seth Rollins
90%
Who is Dean Ambrose's best friend? (December 2015)Roman Reigns
88%
How old is Dean Ambrose? (December 2015)Thirty Years Old
87%
What was Ambrose's longest title reign? (Title Name)United States Championship
81%
What is Ambrose's real name?Jonathan Good
60%

Score Distribution

Percentile by Number Answered

Percent of People with Each Score

Your Score History

You have not taken this quiz